Νιτρορύπανση σε επιφανειακά και υπόγεια νερά : οδηγία 91/676 Ε.Ο.Κ. και η εφαρμογή της στην Ελλάδα : μεταπτυχιακή διατριβή

Αποθηκεύτηκε σε:
Λεπτομέρειες βιβλιογραφικής εγγραφής
Κύριος συγγραφέας: Πέτσικου, Βασιλική Δ.
Συγγραφή απο Οργανισμό/Αρχή: Πανεπιστήμιο Αιγαίου Σχολή Περιβάλλοντος Τμήμα Περιβάλλοντος Πρόγραμμα Μεταπτυχιακών Σπουδών Περιβαλλοντική Πολιτική και Διαχείριση
Άλλοι συγγραφείς: Αγγελίδης, Μιχάλης (Εισηγητής διατριβής)
Μορφή: Thesis Βιβλίο
Γλώσσα:Greek
Δημοσίευση: Μυτιλήνη : Πανεπιστήμιο Αιγαίου, Τμήμα Περιβάλλοντος, Μεταπτυχιακό Πρόγραμμα Σπουδών στην Περιβαλλοντική Πολιτική και Διαχείριση, 2001
Θέματα:
Διαθέσιμο Online:http://hdl.handle.net/11610/14913
Ετικέτες: Προσθήκη ετικέτας
Δεν υπάρχουν, Καταχωρήστε ετικέτα πρώτοι!

MARC

LEADER 00000cam a2200000 i 4500
001 1/26601
008 020822s2001 gre d
035 |l 10068283 
040 |a GR-MY-UA  |b gre  |e aacr 
041 0 |a gre 
082 0 |a 333.91  |2 (22) 
100 1 |a Πέτσικου, Βασιλική Δ. 
245 1 0 |a Νιτρορύπανση σε επιφανειακά και υπόγεια νερά :  |b οδηγία 91/676 Ε.Ο.Κ. και η εφαρμογή της στην Ελλάδα : μεταπτυχιακή διατριβή /  |c Βασιλική Δ. Πέτσικου ; επιβλέπων καθηγητής Αγγελίδης Μιχάλης 
260 |a Μυτιλήνη :   |b Πανεπιστήμιο Αιγαίου, Τμήμα Περιβάλλοντος, Μεταπτυχιακό Πρόγραμμα Σπουδών στην Περιβαλλοντική Πολιτική και Διαχείριση,   |c 2001 
300 |a 95 σ.;  |b πιν.;  |c 30 εκ. 
502 |a Διατριβή (μεταπτυχιακή) – Πανεπιστήμιο Αιγαίου, Λέσβος, 2001. 
504 |a Περιέχει βιβλιογραφία 
650 0 0 |a Water  |x Pollution  |x Law and legislation  |z Greece. 
650 0 0 |a Groundwater  |x Pollution  |x Law and legislation  |z Greece. 
650 0 0 |a Water  |x Nitrogen content  |x Law and legislation. 
650 0 0 |a Dissertations, Academic  |z Greece. 
700 1 |a Αγγελίδης, Μιχάλης.  |4 ths 
710 2 |a Πανεπιστήμιο Αιγαίου  |b Σχολή Περιβάλλοντος  |b Τμήμα Περιβάλλοντος  |b Πρόγραμμα Μεταπτυχιακών Σπουδών Περιβαλλοντική Πολιτική και Διαχείριση. 
852 |a INST  |b LESVOS  |c DIATR  |e 20020822  |h 103  |p 005100025241  |q 005100025241  |t MTXE  |y 23 
852 |a INST  |b LESVOS  |c DIATR  |e 20020822  |h 104  |p 005100025240  |q 005100025240  |t MTXE  |y 23 
856 |u http://hdl.handle.net/11610/14913 
901 |a BIBL1-2002-2 
909 |a Λ  |b 100869 
909 |a Λ  |b 100870 
924 |a ΠΕΤΣΙΚΟΥ  |b ΒΑΣΙΛΙΚΗ Δ.  |y ΛΕΣΒΟΣ  |z 2002-02 
970 |a ΚΑΜΑΤΣΟΥ  |b ΔΕΣΠΟΙΝΑ  |z 2002/08/22